Survivor 47 Final Placements - Statistics

General Stats
  • This quiz has been taken 90 times
  • The average score is 15 of 18
Answer Stats
Placement Castaway % Correct
Sole Survivor Rachel LaMont
96%
Runner-Up Sam Phalen
96%
Second Runner-Up Sue Smey
93%
6th Andy Rueda
89%
8th Kyle Ostwald
89%
4th Teeny Chirichillo
89%
9th Gabe Ortis
87%
7th Caroline Vidmar
86%
5th Genevieve Mushaluk
86%
18th Jon Lovett
86%
13th Rome Cooney
84%
11th Sierra Wright
84%
10th Sol Yi
84%
14th Anika Dhar
83%
12th Tiyana Hallums
81%
15th Kishan Patel
80%
17th TK Foster
79%
16th Aysha Welsh
76%
No matching quizzes found
Score Distribution
Percent of People with Each Score
Percentile by Number Answered
Your Score History
You have not taken this quiz